Principles of biochemistry / (Record no. 13292)

000 -LEADER
fixed length control field 00404nam a2200157 a 4500
020 ## - INTERNATIONAL STANDARD BOOK NUMBER
ISBN 087901136X
040 ## - CATALOGING SOURCE
Transcribing agency NLM
082 ## - DEWEY DECIMAL CLASSIFICATION NUMBER
Classification number 572 WOR 1982 A026 Or.
100 10 - MAIN ENTRY--AUTHOR NAME
Personal name Lehninger, Albert L
245 10 - TITLE STATEMENT
Title Principles of biochemistry /
260 0# - PUBLICATION, DISTRIBUTION, ETC. (IMPRINT)
Place of publication New York, N.Y. :
Name of publisher Worth Publishers,
Year of publication c1982
300 ## - PHYSICAL DESCRIPTION
Number of Pages xxiv, 1011 p. :
Other physical details ill. ;
Dimensions 26 cm
650 #2 - SUBJECT ADDED ENTRY--TOPICAL TERM
Topical Term Biochemistry
650 #0 - SUBJECT ADDED ENTRY--TOPICAL TERM
Topical Term Biochemistry
942 ## - ADDED ENTRY ELEMENTS (KOHA)
Koha item type សៀវភៅភាសាអង់គ្លេស
952 ## - LOCATION AND ITEM INFORMATION (KOHA)
Withdrawn status [LOCAL, KOHA] 0
Holdings
Permanent Location Date acquired Koha item type Lost status Shelving location Barcode Current Location Full call number
Library Block A2017-08-23សៀវភៅភាសាអង់គ្លេស A026A20276Library Block A572 WOR 1982 A026 Or.
មជ្ឈមណ្ឌលឯការនៃសាកលវិទ្យាល័យភូមិន្ទកសិកម្មចំការដូង

Powered by Koha